000 00734nas a2200253 4500
001 BR9505763
003 BR-BrBNA
005 20231205094434.0
007 ta
008 230509b bl.|||p| |||| 00| 00por d
040 _aBR-BrBNA
_bpor
_cBiblioteca Nacional de Agricultura
041 _a(Pt)
072 _aH10
100 1 _aSantos, J.G.R. dos
245 1 _aAvaliacao de perdas em algodao "Moco" devidas ao ataque da lagarta "rosada"
650 _aAlgodao Moco
650 _aLagarta Rosada
650 _aInfestacao
650 _aPerda da Producao
650 _aCeara
773 0 _tCiencia Agronomica (Brazil)
_x
_g(Jul 1971), v. 1(1) p. 19-22
_wBR9505763
909 _a202311
_bLúcia
_c55
_dLúcia Elande
942 _2AGRIS
_n0
_cANA
999 _c144321
_d144321